| 000 | 00569nam a2200193Ia 4500 | ||
|---|---|---|---|
| 005 | 20230318105518.0 | ||
| 008 | 131103s9999 xx 000 0 und d | ||
| 040 | _aLoreto College | ||
| 041 | _aEnglish | ||
| 082 |
_a822.3 _bRAB |
||
| 245 |
_aReinterpretations of Elizabethan drama _cEdited by Norman Rabkin |
||
| 260 |
_aLondon _bColumbia University Press _c1969 |
||
| 300 | _ax,305p. | ||
| 504 | _aSelected paper from the English Institute | ||
| 650 | _aEnglish drama - 1558-1625 - Criticism | ||
| 700 | _aRabkin, Norman; ed. | ||
| 850 | _aLCLIB | ||
| 942 | _cBK | ||
| 999 |
_c21712 _d72191 |
||